| 000 | 00479nam a2200169Ia 4500 | ||
|---|---|---|---|
| 999 |
_c36182 _d36182 |
||
| 003 | OSt | ||
| 005 | 20201211125252.0 | ||
| 008 | 190216s9999||||xx |||||||||||||| ||und|| | ||
| 040 | _coclc | ||
| 082 |
_a297.63 _bHYK/M |
||
| 100 |
_aHykal, Muhammad Husain _91832 |
||
| 245 | 0 |
_aMuhammed / _cMuhammad Husain Hykal |
|
| 260 |
_bHira Press, _c1990. _aCalicut: |
||
| 300 | _a698p | ||
| 650 | _aIslamic History | ||
| 942 |
_cREF _2ddc _h297.63 _iHYK/M _k297.63 _mHYK/M |
||